Escolas de Samba do Grupo Especial e da Série A do Carnaval do Rio de Janeiro em 2017 - Statistics

Estatísticas Gerais
  • Esse quiz foi jogado 98 vezes
  • A pontuação média é 19 de 26
Estatísticas das Respostas
Grupo Bairro Resposta % Correto
Especial Mangueira Estação Primeira de Mangueira
97%
Especial Oswaldo Cruz/Madureira Portela
96%
Especial Borel/Santo Cristo Unidos da Tijuca
96%
Especial Padre Miguel Mocidade Independente de Padre Miguel
93%
Especial Vila Isabel Unidos de Vila Isabel
92%
Série A Barreto (Niterói) Unidos do Viradouro
91%
Especial Andaraí Acadêmicos do Salgueiro
89%
Série A Estácio Estácio de Sá
88%
Especial Centro (Duque de Caxias) Acadêmicos do Grande Rio
85%
Especial Centro (Nilópolis) Beija-Flor de Nilópolis
85%
Série A Madureira Império Serrano
85%
Especial Ramos Imperatriz Leopoldinense
82%
Série A Porto da Pedra (São Gonçalo) Unidos do Porto da Pedra
81%
Especial Botafogo São Clemente
77%
Especial Cacuia União da Ilha do Governador
72%
Série A Padre Miguel Unidos de Padre Miguel
72%
Especial São Cristóvão Paraíso do Tuiuti
70%
Série A Cubango Acadêmicos do Cubango
68%
Série A Tijuca Império da Tijuca
59%
Série A Santa Cruz Acadêmicos de Santa Cruz
54%
Série A Parque São Vicente (Belford Roxo) Inocentes de Belford Roxo
54%
Série A São Conrado Acadêmicos da Rocinha
50%
Série A Curicica União do Parque Curicica
32%
Série A Largo da Batalha Acadêmicos do Sossego
31%
Série A Copacabana Alegria da Zona Sul
31%
Série A Tanque Renascer de Jacarepaguá
31%
Nenhum quiz correspondente encontrado
Distribuição das Pontuações
Porcentagem de Pessoas com Cada Pontuação
Percentil de Números Respondidos
Sua Pontuação Histórica
Você não jogou esse quiz